000 005130000a22001810004500
003 MACL
005 20160101161047.0
008 160101b xxu||||| |||| 00| 0 eng d
040 _aMACL
_cMACL
041 _aEnglish
082 _a352.63543/CHA
100 _aChandak, Madhusudan lal
_925729
245 _aMadhya Pradesh Government servants Rules and Regulations
_bVolume 3
260 _bThe Lawyers Home
_c1965
_aIndore
350 _a15
650 _aPublic Administration
_926644
942 _cBK
_k352.635/CHA
_2ddc
999 _c35936
_d35936